[Event "Celle Ligure op"]
[Site "Celle Ligure"]
[Date "1997.??.??"]
[Round "8"]
[White "Egartner, Wolfgang"]
[Black "Tortarolo, Massimiliano"]
[Result "0-1"]
[WhiteElo "2185"]
[BlackElo "2260"]
[PlyCount "86"]
[EventDate "1997.??.??"]
[EventType "swiss"]
[EventRounds "9"]
[EventCountry "ITA"]
[SourceTitle "EXT 1999"]
[Source "ChessBase"]
[SourceDate "1998.11.16"]
[SourceVersion "1"]
[SourceVersionDate "1998.11.16"]
[SourceQuality "1"]

1. c4 Nf6 2. Nf3 c6 3. d4 d6 4. Bg5 Nbd7 5. Nc3 e5 6. e3 Be7 7. Be2 0-0 8. 0-0 Re8 9. Qc2 a6 10. Rfd1 Qc7 11. Rac1 b6 12. b4 Bb7 13. c5 dxc5 14. bxc5 b5 15. dxe5 Nxe5 16. Bf4 Nxf3+ 17. Bxf3 Qc8 18. Ne4 Nxe4 19. Bxe4 g6 20. Bd6 Bf6 21. Bf3 a5 22. h3 Bg7 23. a3 Ba6 24. Qd2 b4 25. axb4 a4 26. Qa2 Bb5 27. Bg4 Qb7 28. Be5 Bxe5 29. Rd7 Qxd7 30. Bxd7 Re7 31. Bg4 a3 32. Rc2 Kg7 33. Rd2 Bc3 34. Rc2 Bf6 35. Rd2 Re4 36. Bd1 Rxb4 37. Bb3 Ra7 38. Kh2 Ba4 39. Qxa3 Rxb3 40. Qa2 Rc3 41. Rb2 Rxc5 42. Rb8 Be5+ 43. f4 Bxb8 0-1

[Event "Celle Ligure op"]
[Site "Celle Ligure"]
[Date "1997.??.??"]
[Round "3"]
[White "Tortarolo, Massimiliano"]
[Black "Cirabisi, Federico"]
[Result "1-0"]
[WhiteElo "2270"]
[BlackElo "2125"]
[PlyCount "77"]
[EventDate "1997.??.??"]
[EventType "swiss"]
[EventRounds "9"]
[EventCountry "ITA"]
[SourceTitle "EXT 1999"]
[Source "ChessBase"]
[SourceDate "1998.11.16"]
[SourceVersion "1"]
[SourceVersionDate "1998.11.16"]
[SourceQuality "1"]

1. e4 c5 2. Nf3 Nc6 3. d4 cxd4 4. Nxd4 g6 5. c4 Bg7 6. Be3 Nf6 7. Nc3 Ng4 8. Qxg4 Nxd4 9. Qd1 e5 10. Bd3 0-0 11. 0-0 d6 12. Qd2 Be6 13. Rad1 Rc8 14. b3 f5 15. f3 f4 16. Bxd4 exd4 17. Ne2 Qg5 18. Bb1 Bh3 19. Rf2 Bd7 20. Nxd4 Qh4 21. Ne2 Be5 22. Qd5+ Rf7 23. b4 Bc6 24. Qd3 g5 25. Nd4 g4 26. fxg4 f3 27. gxf3 Kh8 28. Nf5 Rxf5 29. exf5 Rg8 30. b5 Bxf3 31. Qxf3 Rxg4+ 32. Kf1 Rf4 33. Qe3 Rxc4 34. f6 Qh5 35. Qf3 Qh6 36. f7 Rf4 37. Qg2 Rxf2+ 38. Qxf2 Qh3+ 39. Qg2 1-0

[Event "Senigallia op 1st"]
[Site "Senigallia"]
[Date "1996.05.23"]
[Round "6"]
[White "Tortarolo, Massimiliano"]
[Black "Skembris, Spyridon"]
[Result "0-1"]
[WhiteElo "2235"]
[BlackElo "2505"]
[PlyCount "100"]
[EventDate "1996.05.19"]
[EventType "swiss"]
[EventRounds "9"]
[EventCountry "ITA"]
[SourceTitle "EXT 2023"]
[Source "ChessBase"]
[SourceDate "2022.10.05"]
[SourceVersion "1"]
[SourceVersionDate "2022.10.05"]
[SourceQuality "1"]

1. e4 e5 2. Nf3 Nc6 3. Bb5 a6 4. Ba4 Nf6 5. 0-0 Be7 6. Re1 b5 7. Bb3 d6 8. c3 0-0 9. h3 Na5 10. Bc2 c5 11. d4 Nd7 12. Nbd2 exd4 13. cxd4 Nc6 14. Nf1 Bf6 15. dxc5 dxc5 16. Ne3 Nde5 17. Nxe5 Bxe5 18. Ng4 Bxg4 19. Qxd8 Raxd8 20. hxg4 Nb4 21. Bb1 Nd3 22. Bxd3 Rxd3 23. Rb1 c4 24. Be3 Rfd8 25. Kf1 h6 26. g5 hxg5 27. Bxg5 R8d4 28. Be7 a5 29. Bc5 Rd7 30. Be3 a4 31. f4 Bd4 32. Bxd4 R7xd4 33. Re2 f5 34. Rbe1 b4 35. exf5 Rxf4+ 36. Kg1 Rxf5 37. Re8+ Rf8 38. Rxf8+ Kxf8 39. Re4 Rd2 40. Rxc4 Rxb2 41. a3 bxa3 42. Rxa4 a2 43. Kh2 Ke7 44. Ra6 Kd7 45. Kh3 Kc7 46. g4 Kb7 47. Ra4 Kc6 48. Kh4 Kb5 49. Ra7 Kc4 50. Kh5 Rb5+ 0-1

[Event "Senigallia op 1st"]
[Site "Senigallia"]
[Date "1996.05.21"]
[Round "3"]
[White "Pantaleoni, Leone"]
[Black "Tortarolo, Massimiliano"]
[Result "0-1"]
[WhiteElo "1714"]
[BlackElo "2235"]
[PlyCount "52"]
[EventDate "1996.05.19"]
[EventType "swiss"]
[EventRounds "9"]
[EventCountry "ITA"]
[SourceTitle "EXT 2023"]
[Source "ChessBase"]
[SourceDate "2022.10.05"]
[SourceVersion "1"]
[SourceVersionDate "2022.10.05"]
[SourceQuality "1"]

1. e4 c6 2. d4 d5 3. Nd2 dxe4 4. Nxe4 Bf5 5. Ng3 Bg6 6. Nf3 Nd7 7. Bd3 e6 8. Bxg6 hxg6 9. Ne4 Qc7 10. Qe2 Ngf6 11. Nfg5 Nxe4 12. Qxe4 Rxh2 13. Rxh2 Qxh2 14. Nxe6 fxe6 15. Qxe6+ Kd8 16. Bg5+ Kc7 17. 0-0-0 Bd6 18. d5 c5 19. Bd2 Rf8 20. b4 Qe5 21. Kb1 Qxe6 22. dxe6 Nf6 23. bxc5 Bxc5 24. Bf4+ Kc6 25. Be5 Re8 26. Bxf6 gxf6 0-1

[Event "Robecchetto op"]
[Site "Robecchetto"]
[Date "1996.??.??"]
[Round "6"]
[White "Nurkic, Sahbaz"]
[Black "Tortarolo, Massimiliano"]
[Result "1-0"]
[WhiteElo "2365"]
[BlackElo "2235"]
[PlyCount "63"]
[EventDate "1996.??.??"]
[EventType "swiss"]
[EventRounds "7"]
[EventCountry "ITA"]
[SourceTitle "EXT 1997"]
[Source "ChessBase"]
[SourceDate "1996.11.15"]
[SourceVersion "1"]
[SourceVersionDate "1996.11.15"]
[SourceQuality "1"]

1. e4 c6 2. d4 d5 3. e5 Bf5 4. Nc3 e6 5. g4 Bg6 6. Nge2 c5 7. h4 h5 8. Nf4 Nc6 9. Nxg6 fxg6 10. Be3 cxd4 11. Bxd4 hxg4 12. Qxg4 Nxd4 13. Qxd4 Nh6 14. 0-0-0 Qb6 15. Bb5+ Kf7 16. Qf4+ Nf5 17. Bd3 Rh5 18. Be2 Qb4 19. Qxb4 Bxb4 20. Bxh5 gxh5 21. Nb5 Bc5 22. Rh3 Bxf2 23. Nd6+ Nxd6 24. exd6 Bc5 25. Rf1+ Kg8 26. Re1 Bxd6 27. Rxe6 Rd8 28. Rf3 Rd7 29. Rf5 Be7 30. Rxh5 Bf6 31. Rf5 Bxh4 32. Re8+ 1-0

[Event "Celle Ligure op"]
[Site "Celle Ligure"]
[Date "1995.??.??"]
[Round "?"]
[White "Cazzaniga, Walter"]
[Black "Tortarolo, Massimiliano"]
[Result "1/2-1/2"]
[WhiteElo "2185"]
[BlackElo "2240"]
[PlyCount "66"]
[EventDate "1995.??.??"]
[EventType "swiss"]
[EventRounds "9"]
[EventCountry "ITA"]
[SourceTitle "EXT 1999"]
[Source "ChessBase"]
[SourceDate "1998.11.16"]
[SourceVersion "1"]
[SourceVersionDate "1998.11.16"]
[SourceQuality "1"]

1. d4 Nf6 2. c4 g6 3. Nc3 d5 4. cxd5 Nxd5 5. e4 Nxc3 6. bxc3 Bg7 7. Nf3 0-0 8. Be3 c5 9. Rc1 Qa5 10. Qd2 Nd7 11. d5 Nf6 12. c4 Qxd2+ 13. Nxd2 b6 14. h3 e5 15. Bd3 Ne8 16. a4 Nd6 17. a5 Bd7 18. Rb1 Rab8 19. 0-0 Rfc8 20. axb6 axb6 21. Rfc1 Bf8 22. Rb2 Be7 23. f4 f6 24. fxe5 fxe5 25. Ra2 Ra8 26. Rca1 Rxa2 27. Rxa2 Kf7 28. Ra7 Ke8 29. Nf3 Nf7 30. Kf2 Bd6 31. Ke1 Rc7 32. Ra8+ Rc8 33. Ra7 Rc7 1/2-1/2

[Event "Celle Ligure op"]
[Site "Celle Ligure"]
[Date "1995.??.??"]
[Round "?"]
[White "Tortarolo, Massimiliano"]
[Black "Laketic, Gojko"]
[Result "0-1"]
[WhiteElo "2210"]
[BlackElo "2390"]
[PlyCount "124"]
[EventDate "1995.??.??"]
[EventType "swiss"]
[EventRounds "9"]
[EventCountry "ITA"]
[SourceTitle "EXT 1999"]
[Source "ChessBase"]
[SourceDate "1998.11.16"]
[SourceVersion "1"]
[SourceVersionDate "1998.11.16"]
[SourceQuality "1"]

1. e4 Nf6 2. e5 Nd5 3. d4 d6 4. Nf3 Nb6 5. a4 a5 6. Bb5+ c6 7. Bd3 Bg4 8. Bf4 Nd5 9. Bg3 dxe5 10. Bxe5 Nd7 11. Bg3 e6 12. Nbd2 Be7 13. c3 Bh5 14. 0-0 Bg6 15. Be2 0-0 16. Nc4 N7b6 17. Nce5 Nd7 18. Nxg6 hxg6 19. Ne5 Nxe5 20. Bxe5 Bd6 21. Bxd6 Qxd6 22. Bf3 Nf6 23. Qe2 Rfd8 24. Rfd1 Qc7 25. Rd2 Rd7 26. Rad1 Rad8 27. g3 Rd6 28. Qe3 Nd7 29. Qg5 Nf6 30. Kg2 R8d7 31. h4 Rd8 32. Qe5 b6 33. Qe3 R8d7 34. Qg5 Qd8 35. Kf1 c5 36. Qf4 Kf8 37. Ke2 cxd4 38. cxd4 Qc8 39. b3 Nd5 40. Bxd5 Rxd5 41. Qe3 Qd8 42. Rd3 Kg8 43. R1d2 Qf6 44. Kf1 Qf5 45. Qf3 Qxf3 46. Rxf3 Rxd4 47. Rc2 Kf8 48. Rc8+ Ke7 49. Rb8 Rb4 50. Rc3 e5 51. Rc6 Rxb3 52. Rbxb6 Rxb6 53. Rxb6 Rd4 54. Rb5 Rxa4 55. Rxe5+ Kd6 56. Re8 Rd4 57. Ra8 a4 58. Ra7 Kc5 59. Rxf7 a3 60. Ra7 Kb4 61. Kg2 Kb3 62. f4 a2 0-1

[Event "Milan op"]
[Site "Milan"]
[Date "1993.??.??"]
[Round "?"]
[White "Tortarolo, Massimiliano"]
[Black "Contini, Luca"]
[Result "1/2-1/2"]
[WhiteElo "2230"]
[BlackElo "2320"]
[PlyCount "94"]
[EventDate "1993.??.??"]
[EventType "swiss"]
[EventRounds "9"]
[EventCountry "ITA"]
[SourceTitle "EXT 2000"]
[Source "ChessBase"]
[SourceDate "1999.11.16"]
[SourceVersion "1"]
[SourceVersionDate "1999.11.16"]
[SourceQuality "1"]

1. e4 c5 2. Nf3 d6 3. d4 cxd4 4. Nxd4 Nf6 5. Nc3 e6 6. Be2 a6 7. a4 Be7 8. 0-0 0-0 9. f4 Qc7 10. Be3 Nc6 11. Kh1 Re8 12. Bf3 Rb8 13. Qd2 Nxd4 14. Bxd4 e5 15. Ba7 Ra8 16. Bg1 Be6 17. f5 Bc4 18. Rfe1 Rac8 19. Rac1 d5 20. Nxd5 Bxd5 21. exd5 b5 22. axb5 axb5 23. c3 Bd6 24. Qd3 Qc4 25. Be4 Rb8 26. Qc2 Nxe4 27. Qxe4 Rec8 28. Qxc4 bxc4 29. Rc2 Rb5 30. Rd2 f6 31. g4 Kf7 32. Kg2 Rcb8 33. Ree2 Ra5 34. Kf3 Ke7 35. Be3 Ra1 36. Rc2 Rb5 37. Ke4 Bc5 38. Rc1 Ra2 39. Bxc5+ Rxc5 40. g5 Rb5 41. gxf6+ gxf6 42. Rcc2 Ra1 43. Rg2 Re1+ 44. Rce2 Rf1 45. Ref2 Re1+ 46. Re2 Rf1 47. Ref2 Re1+ 1/2-1/2

[Event "Caorle op-A"]
[Site "Caorle"]
[Date "1991.07.12"]
[Round "8.23"]
[White "Contin, Daniel"]
[Black "Tortarolo, Massimiliano"]
[Result "1/2-1/2"]
[WhiteElo "2315"]
[BlackElo "2245"]
[PlyCount "106"]
[EventDate "1991.07.05"]
[EventType "swiss"]
[EventRounds "9"]
[EventCountry "ITA"]
[SourceTitle "EXT 2023"]
[Source "ChessBase"]
[SourceDate "2022.10.05"]
[SourceVersion "1"]
[SourceVersionDate "2022.10.05"]
[SourceQuality "1"]

1. c4 f5 2. g3 Nf6 3. Bg2 g6 4. Nc3 Bg7 5. d3 0-0 6. e3 d6 7. Nge2 Nc6 8. Rb1 e5 9. b4 Kh8 10. 0-0 Ne7 11. f4 c6 12. Qc2 Be6 13. a4 Qc7 14. Kh1 Neg8 15. b5 a5 16. Ba3 Rfe8 17. Qd2 Nh6 18. Rbc1 Bd7 19. Rce1 Nf7 20. Ng1 Re7 21. e4 Rae8 22. Nf3 exf4 23. gxf4 fxe4 24. dxe4 Nxe4 25. Nxe4 Rxe4 26. Rxe4 Rxe4 27. Ne5 Nxe5 28. fxe5 Rxc4 29. Rf7 Qc8 30. Bb2 Be6 31. Rxg7 Kxg7 32. exd6+ Kg8 33. bxc6 bxc6 34. Qxa5 Rc2 35. Qe5 Rxb2 36. Qxb2 Bd5 37. Qd4 Qe6 38. Bxd5 cxd5 39. Kg2 Qxd6 40. a5 Qe6 41. Qb6 Qe4+ 42. Kf2 Qc2+ 43. Ke3 Qc3+ 44. Kf4 Qc4+ 45. Ke5 Qe4+ 46. Kd6 d4 47. a6 d3 48. a7 d2 49. Qb8+ Kf7 50. Qc7+ Kf6 51. Qc3+ Kf7 52. Qb3+ Kf8 53. Qb8+ Kf7 1/2-1/2

[Event "Italy op"]
[Site "Italy"]
[Date "1991.??.??"]
[Round "?"]
[White "Valenti, Giuseppe"]
[Black "Tortarolo, Massimiliano"]
[Result "1-0"]
[WhiteElo "2240"]
[BlackElo "2270"]
[PlyCount "43"]
[EventDate "1991.??.??"]
[EventType "swiss"]
[EventRounds "9"]
[EventCountry "ITA"]
[SourceTitle "EXT 2000"]
[Source "ChessBase"]
[SourceDate "1999.11.16"]
[SourceVersion "1"]
[SourceVersionDate "1999.11.16"]
[SourceQuality "1"]

1. e4 c6 2. d4 d5 3. Nc3 dxe4 4. Nxe4 Bf5 5. Ng3 Bg6 6. Bc4 Nf6 7. N1e2 e6 8. h4 h6 9. Nf4 Bh7 10. 0-0 Bd6 11. Re1 0-0 12. Bb3 Nbd7 13. Nxe6 fxe6 14. Rxe6 Kh8 15. Rxd6 Ne8 16. Re6 Qxh4 17. Re1 Ndf6 18. Be6 Nd6 19. Nh1 Bf5 20. Qf3 Bxc2 21. Qf4 Qxf4 22. Bxf4 1-0

[Event "Asti op 11th"]
[Site "Asti"]
[Date "1990.09.??"]
[Round "?"]
[White "Rossi, Carlo"]
[Black "Tortarolo, Massimiliano"]
[Result "1-0"]
[WhiteElo "2280"]
[BlackElo "2265"]
[PlyCount "55"]
[EventDate "1990.09.29"]
[EventType "swiss"]
[EventRounds "9"]
[EventCountry "ITA"]
[SourceTitle "EXT 2014"]
[Source "ChessBase"]
[SourceDate "2013.11.20"]
[SourceVersion "1"]
[SourceVersionDate "2013.11.20"]
[SourceQuality "1"]

1. Nf3 Nf6 2. g3 d5 3. Bg2 Bf5 4. d3 h6 5. 0-0 e6 6. c4 c6 7. b3 Nbd7 8. Bb2 Qc7 9. Nbd2 Bd6 10. Rc1 Bh7 11. Rc2 0-0 12. Qa1 Rfe8 13. a3 a5 14. Rfc1 Qb8 15. Bh3 Qd8 16. Ne5 Nxe5 17. Bxe5 Qe7 18. Ra2 Bxe5 19. Qxe5 c5 20. Qb2 Ra6 21. Rca1 Rea8 22. Bg2 Qd6 23. Rc1 Bg6 24. Nb1 a4 25. b4 Rb6 26. d4 Rc6 27. bxc5 Qc7 28. Nc3 1-0

[Event "Cannes op"]
[Site "Cannes"]
[Date "1990.??.??"]
[Round "3"]
[White "Garabedian, Vahakn"]
[Black "Tortarolo, Massimiliano"]
[Result "0-1"]
[WhiteElo "2140"]
[BlackElo "2290"]
[PlyCount "108"]
[EventDate "1990.02.??"]
[EventType "swiss"]
[EventRounds "9"]
[EventCountry "FRA"]
[SourceTitle "EXT 1997"]
[Source "ChessBase"]
[SourceDate "1996.11.15"]
[SourceVersion "1"]
[SourceVersionDate "1996.11.15"]
[SourceQuality "1"]

1. d4 Nf6 2. c4 d6 3. Nf3 Nbd7 4. Nc3 e5 5. e4 Be7 6. Be2 0-0 7. 0-0 c6 8. Qc2 Re8 9. h3 Qc7 10. Be3 Bf8 11. Rac1 exd4 12. Nxd4 Nc5 13. Bf3 g6 14. b4 Ne6 15. Nce2 a5 16. b5 Nc5 17. Ng3 Bd7 18. Rfd1 Rad8 19. Bg5 Bg7 20. Bf4 cxb5 21. cxb5 b6 22. a4 Qb8 23. Nb3 Be6 24. Nxc5 bxc5 25. Qd3 Bf8 26. Qc3 Nd7 27. Qxa5 Bb3 28. Rd2 Nb6 29. Rxc5 Nc4 30. Rxc4 Bxc4 31. Nf1 Qa8 32. Qxa8 Rxa8 33. Bxd6 Bxd6 34. Rxd6 Rxa4 35. Ne3 Bxb5 36. Nd5 Rb8 37. e5 Ra1+ 38. Kh2 Re1 39. Ne3 Re8 40. Rd5 Bc6 41. Rc5 Bxf3 42. gxf3 Rb8 43. f4 h5 44. Rc2 Rd8 45. Rb2 Ra1 46. Kg3 Ra4 47. f3 Rd3 48. Rb8+ Kg7 49. Ng2 Ra1 50. f5 g5 51. h4 g4 52. f6+ Kh7 53. Kf2 Rxf3+ 54. Ke2 Ra2+ 0-1

[Event "ITA-ch 50th"]
[Site "Chianciano Terme"]
[Date "1990.??.??"]
[Round "6"]
[White "Godena, Michele"]
[Black "Tortarolo, Massimiliano"]
[Result "1/2-1/2"]
[WhiteElo "2380"]
[BlackElo "2275"]
[PlyCount "56"]
[EventDate "1990.??.??"]
[EventType "tourn"]
[EventRounds "13"]
[EventCountry "ITA"]
[EventCategory "3"]
[SourceTitle "EXT 1997"]
[Source "ChessBase"]
[SourceDate "1996.11.15"]
[SourceVersion "1"]
[SourceVersionDate "1996.11.15"]
[SourceQuality "1"]

1. e4 d6 2. d4 Nf6 3. Nc3 g6 4. Nf3 Bg7 5. h3 0-0 6. Be3 c6 7. a4 a5 8. Be2 Na6 9. 0-0 Nb4 10. Qd2 Qc7 11. Rad1 Re8 12. Bc4 d5 13. exd5 Nbxd5 14. Ne5 Be6 15. Bh6 Rad8 16. Rfe1 Qd6 17. Bxg7 Kxg7 18. Nxd5 Bxd5 19. Bxd5 Nxd5 20. Qxa5 Ra8 21. Qd2 Rxa4 22. Qh6+ Kg8 23. Nxf7 Kxf7 24. Qxh7+ Kf8 25. Qh8+ Kf7 26. Qh7+ Kf8 27. Qh8+ Kf7 28. Qh7+ Kf8 1/2-1/2

[Event "Cannes op"]
[Site "Cannes"]
[Date "1990.??.??"]
[Round "4"]
[White "Tortarolo, Massimiliano"]
[Black "Lalic, Bogdan"]
[Result "1/2-1/2"]
[WhiteElo "2290"]
[BlackElo "2475"]
[PlyCount "78"]
[EventDate "1990.02.??"]
[EventType "swiss"]
[EventRounds "9"]
[EventCountry "FRA"]
[SourceTitle "EXT 1997"]
[Source "ChessBase"]
[SourceDate "1996.11.15"]
[SourceVersion "1"]
[SourceVersionDate "1996.11.15"]
[SourceQuality "1"]

1. e4 e5 2. Nf3 Nc6 3. Bb5 a6 4. Ba4 Nf6 5. 0-0 Be7 6. Re1 b5 7. Bb3 d6 8. c3 0-0 9. h3 Na5 10. Bc2 c5 11. d4 Nc6 12. dxc5 dxc5 13. Qxd8 Rxd8 14. Nbd2 h6 15. Nf1 Be6 16. Ng3 c4 17. Nf5 Bf8 18. Be3 Nd7 19. b4 cxb3 20. axb3 b4 21. c4 Nc5 22. Red1 Rxd1+ 23. Rxd1 a5 24. Nd6 Nd4 25. Nxd4 exd4 26. Rxd4 a4 27. bxa4 b3 28. Bb1 Rxa4 29. e5 Nd7 30. f4 Ra1 31. Rd1 Bxd6 32. exd6 Bf5 33. c5 Rxb1 34. Rxb1 Bxb1 35. c6 Bf5 36. cxd7 Bxd7 37. Bc1 f5 38. Kf2 Kf7 39. Bb2 g6 1/2-1/2

[Event "Cannes op"]
[Site "Cannes"]
[Date "1990.??.??"]
[Round "5"]
[White "Tortarolo, Massimiliano"]
[Black "Schlosser, Michael"]
[Result "0-1"]
[WhiteElo "2185"]
[BlackElo "2340"]
[PlyCount "66"]
[EventDate "1990.02.??"]
[EventType "swiss"]
[EventRounds "9"]
[EventCountry "FRA"]
[SourceTitle "EXT 1997"]
[Source "ChessBase"]
[SourceDate "1996.11.15"]
[SourceVersion "1"]
[SourceVersionDate "1996.11.15"]
[SourceQuality "1"]

1. e4 g6 2. d4 Bg7 3. Nc3 d6 4. f4 Nf6 5. Nf3 0-0 6. Bd3 Na6 7. 0-0 c5 8. d5 Rb8 9. Qe1 Nb4 10. Qh4 b5 11. a3 Nxd3 12. cxd3 b4 13. axb4 cxb4 14. Nd1 a5 15. f5 Re8 16. Bh6 Ra8 17. Ng5 Qb6+ 18. Kh1 Qd4 19. fxg6 hxg6 20. Ne3 Ra7 21. Rf3 a4 22. Raf1 a3 23. bxa3 bxa3 24. Bxg7 Kxg7 25. Nxf7 Rf8 26. Nc2 Qb2 27. e5 Rxf7 28. e6 Rf8 29. Qg5 Qe5 30. Rf5 Qe2 31. Nd4 Qxd3 32. Nc6 Qxf5 33. Rxf5 a2 0-1